साइंस इनसाइक्लोपीडिया/ (Record no. 215384)

MARC details
000 -LEADER
fixed length control field 00754nam a22001817a 4500
005 - DATE AND TIME OF LATEST TRANSACTION
control field 20260309144639.0
010 ## - LCCN (DPL NO)
LC control number BACHN26
020 ## - INTERNATIONAL STANDARD BOOK NUMBER
International Standard Book Number 9789390101047
Terms of availability 1200.00
037 ## - SOURCE OF ACQUISITION
Source of stock number/acquisition प्रभात प्रकाशन
082 ## - DEWEY DECIMAL CLASSIFICATION NUMBER
Classification number 503
100 ## - MAIN ENTRY--PERSONAL NAME
Personal name शिवगोपाल मिश्र
245 ## - TITLE STATEMENT
Title साइंस इनसाइक्लोपीडिया/
Remainder of title शिवगोपाल मिश्र
250 ## - EDITION STATEMENT
Edition statement 1
260 ## - PUBLICATION, DISTRIBUTION, ETC. (IMPRINT)
Place of publication, distribution, etc नई दिल्ली
Name of publisher, distributor, etc प्रभात प्रकाशन
Date of publication, distribution, etc 2026
270 ## - ADDRESS
Address 4/19 असफ अली रोड
City नई दिल्ली
Postal code 110002
Telephone number 23286555
300 ## - PHYSICAL DESCRIPTION
Extent 463 पृ.
Dimensions 25सेमी (साजिल्द)
942 ## - ADDED ENTRY ELEMENTS (KOHA)
Source of classification or shelving scheme Dewey Decimal Classification
Item type Hindi Books
Classification part 503
Call number suffix शिवगो

No items available.


© Delhi Public Library
Hit Counter
free hit counter